Chancellors of Germany since 1871 - Statistics

General Stats
  • This quiz has been taken 406 times
  • The average score is 17 of 37
Answer Stats
Tenure Party Name % Correct
1933 – 1945 NSDAP Adolf Hitler
96%
1871 – 1890 non-partisan Otto Fürst von Bismarck
90%
2005 – 2021 CDU Angela Merkel
88%
2021 – 2025 SPD Olaf Scholz
81%
2025 – ? CDU Friedrich Merz
79%
1982 – 1998 CDU Helmut Kohl
79%
1949 – 1963 CDU Konrad Adenauer
78%
1969 – 1974 SPD Willy Brandt
72%
1974 – 1982 SPD Helmut Schmidt
68%
1998 – 2005 SPD Gerhard Schröder
66%
1945 (IV – V) NSDAP Joseph Goebbels
64%
1966 – 1969 CDU Kurt Georg Kiesinger
56%
1963 – 1966 CDU (non-partisan) Ludwig Erhard
55%
1932 (VI – XI) Das Zentrum / non-partisan Franz von Papen
54%
1918 – 1919 SPD Friedrich Ebert
48%
1932 – 1933 non-partisan Kurt von Schleicher
46%
1918 (X – XI) non-partisan Prinz Max von Baden
43%
1920 (III – VI) SPD Hermann Müller
37%
1928 – 1930 SPD Hermann Müller
37%
1890 – 1894 non-partisan Leo Graf von Caprivi
37%
1923 (VIII – X); (X – XI) DVP Gustav Stresemann
36%
1930 – 1931; 1931 – 1932 Das Zentrum Heinrich Brüning
36%
1923 – 1924; 1924 – 1925 Das Zentrum Wilhelm Marx
34%
1926 (V – XII); 1927 – 1928 Das Zentrum Wilhelm Marx
34%
1900 – 1909 non-partisan Bernhard Fürst von Bülow
32%
1909 – 1917 non-partisan Theobald von Bethmann Hollweg
32%
1919 (II – VI) SPD Philipp Scheidemann
31%
1894 – 1900 non-partisan Chlodwig Fürst zu Hohenlohe-Schillingsfürst
27%
1974 (V; provisional) FDP Walter Scheel
24%
1922 – 1923 non-partisan Wilhelm Cuno
21%
1917 (VII – XI) non-partisan Georg Michaelis
20%
1925 (I – XII); 1926 (I – V) non-partisan Hans Luther
19%
1920 – 1921 Das Zentrum Constantin Fehrenbach
18%
1917 – 1918 Das Zentrum Georg Graf von Hertling
18%
1919 – 1920 SPD Gustav Bauer
17%
1921 (V – X); 1921 – 1922 Das Zentrum Joseph Wirth
13%
1926 (V; provisional) DDP Otto Geßler
8%
No matching quizzes found
Score Distribution
Percent of People with Each Score
Percentile by Number Answered
Your Score History
You have not taken this quiz